[Event "Werther Schloss op 27th"]
[Site "Werther"]
[Date "2024.03.22"]
[Round "3"]
[White "Korchynskyi, Mykola"]
[Black "Werrn, Pascal"]
[Result "1/2-1/2"]
[WhiteElo "2297"]
[BlackElo "2123"]
[PlyCount "33"]
[EventDate "2024.03.21"]
[EventType "swiss"]
[EventRounds "7"]
[EventCountry "GER"]
[SourceTitle "CBM 219 Extra"]
[Source "ChessBase"]
[SourceDate "2024.05.31"]
[SourceVersion "1"]
[SourceVersionDate "2024.05.31"]
[SourceQuality "1"]

1. d4 d5 2. c4 e6 3. Nc3 h6 4. cxd5 exd5 5. Nf3 Nf6 6. Bf4 Bd6 7. e3 Bxf4 8. exf4 0-0 9. Bd3 Nc6 10. 0-0 Ne7 11. Re1 Bf5 12. Rxe7 Bxd3 13. Re3 Be4 14. Ne5 c6 15. Qd2 Bh7 16. Rae1 Ne8 17. b3 1/2-1/2

[Event "Bayern-chI Bank Hofmann 26th"]
[Site "Tegernsee"]
[Date "2023.10.31"]
[Round "4"]
[White "Werrn, Pascal"]
[Black "Andrade, Ruben"]
[Result "0-1"]
[WhiteElo "2145"]
[BlackElo "1797"]
[PlyCount "120"]
[EventDate "2023.10.28"]
[EventType "swiss"]
[EventRounds "9"]
[EventCountry "GER"]
[SourceTitle "CBM 217 Extra"]
[Source "ChessBase"]
[SourceDate "2024.01.31"]
[SourceVersion "1"]
[SourceVersionDate "2024.01.31"]
[SourceQuality "1"]

1. c4 e6 2. Nc3 d5 3. e3 Nf6 4. Nf3 Be7 5. b3 0-0 6. Bb2 b6 7. cxd5 exd5 8. Ne2 Ba6 9. Ned4 Bxf1 10. Kxf1 Ne4 11. Ne5 Bf6 12. Ndf3 Re8 13. d3 Nd6 14. g4 c5 15. g5 Bxe5 16. Nxe5 Nd7 17. Ng4 d4 18. Qf3 Ne5 19. Nxe5 Rxe5 20. exd4 cxd4 21. Bxd4 Rf5 22. Qe2 Rxg5 23. Re1 Qd7 24. Qf3 Rc8 25. h4 Rg4 26. Qd5 Qc6 27. Qxc6 Rxc6 28. Be5 f6 29. f3 Rb4 30. Bb2 Kf7 31. Re2 Nf5 32. Kf2 Rxh4 33. Rxh4 Nxh4 34. Kg3 Nf5+ 35. Kf4 g6 36. d4 Ne7 37. Rd2 Nd5+ 38. Ke4 Ke6 39. Rh2 Rc7 40. a3 f5+ 41. Kd3 Kf6 42. Rd2 g5 43. a4 h5 44. Rd1 Nb4+ 45. Ke3 f4+ 46. Ke2 Rc2+ 47. Rd2 Rxd2+ 48. Kxd2 Kf5 49. Ke2 g4 50. fxg4+ hxg4 51. Ba3 a5 52. Kf2 Ke4 53. d5 Kxd5 54. Kg2 Ke4 55. Bb2 Nd3 56. Bf6 f3+ 57. Kf1 g3 58. Bd8 g2+ 59. Kg1 Nc1 60. Bxb6 Ne2+ 0-1

[Event "NRW Class2 1819"]
[Site "Germany"]
[Date "2019.04.14"]
[Round "8.3"]
[White "Von Buenau, Heinrich"]
[Black "Werrn, Pascal"]
[Result "0-1"]
[WhiteElo "2145"]
[BlackElo "2050"]
[PlyCount "94"]
[EventDate "2018.09.16"]
[EventType "team-tourn"]
[EventRounds "9"]
[EventCountry "GER"]
[SourceTitle "EXT 2022"]
[Source "ChessBase"]
[SourceDate "2021.10.06"]
[SourceVersion "1"]
[SourceVersionDate "2021.10.06"]
[SourceQuality "1"]
[WhiteTeam "Duesseldorf II"]
[BlackTeam "Sodingen/Castrop SK"]
[WhiteTeamCountry "GER"]
[BlackTeamCountry "GER"]

1. Nf3 c5 2. g3 Nc6 3. c4 e5 4. Nc3 g6 5. Bg2 Nge7 6. Ne4 Nf5 7. d3 Be7 8. 0-0 0-0 9. a3 a6 10. Rb1 Rb8 11. b4 cxb4 12. axb4 b5 13. c5 d5 14. cxd6 Nxd6 15. Nc3 Be6 16. h4 f6 17. Nd2 Qd7 18. Nd5 Nf5 19. Nxe7+ Nfxe7 20. Nb3 Qd6 21. Nc5 Bd5 22. Bxd5+ Nxd5 23. Bd2 Nd4 24. e3 Ne6 25. Qb3 Nxc5 26. bxc5 Qe6 27. Ba5 Kf7 28. Rfc1 Rfc8 29. c6 Ne7 30. c7 Rb7 31. Qc3 Ke8 32. e4 Qd6 33. Qb3 Kd7 34. Qf7 h5 35. Rc3 Qe6 36. Qg7 Qa2 37. Rbc1 Qxa5 38. Qxf6 Rbxc7 39. Rxc7+ Rxc7 40. Rxc7+ Qxc7 41. Qxa6 Qc6 42. Qa7+ Ke6 43. Qe3 b4 44. d4 exd4 45. Qb3+ Kd7 46. Qxb4 Qxe4 47. Kh2 Qd5 0-1

[Event "NRW Class2 1819"]
[Site "Germany"]
[Date "2018.11.18"]
[Round "3.5"]
[White "Forchert, Niko"]
[Black "Werrn, Pascal"]
[Result "1/2-1/2"]
[WhiteElo "2074"]
[BlackElo "2050"]
[PlyCount "85"]
[EventDate "2018.09.16"]
[EventType "team-tourn"]
[EventRounds "9"]
[EventCountry "GER"]
[SourceTitle "EXT 2022"]
[Source "ChessBase"]
[SourceDate "2021.10.06"]
[SourceVersion "1"]
[SourceVersionDate "2021.10.06"]
[SourceQuality "1"]
[WhiteTeam "Bielefeld"]
[BlackTeam "Sodingen/Castrop SK"]
[WhiteTeamCountry "GER"]
[BlackTeamCountry "GER"]

1. d4 Nf6 2. Nf3 e6 3. Bg5 c5 4. e3 Qb6 5. Nbd2 Qxb2 6. Bd3 Nc6 7. 0-0 cxd4 8. Nc4 Qb4 9. exd4 b5 10. Rb1 Qa4 11. Rxb5 Ba6 12. Nb2 Qa3 13. Rb3 Qxa2 14. Qa1 Qxa1 15. Rxa1 Bxd3 16. Nxd3 Ne4 17. Be3 Be7 18. c4 Nf6 19. Nde5 Nd8 20. Rb5 d6 21. Nd3 0-0 22. Ra6 Rc8 23. Rxa7 Nc6 24. Ra6 Nb8 25. Ra4 Nbd7 26. h3 Rc7 27. Bf4 Rcc8 28. Nd2 Rfd8 29. Ra7 Bf8 30. Rbb7 e5 31. Bg5 exd4 32. Bxf6 Nxf6 33. Rxf7 d5 34. c5 Ne4 35. Nb3 Ng5 36. Rfd7 Ne6 37. Rxd8 Rxd8 38. c6 Rc8 39. Na5 Nd8 40. Rd7 Nxc6 41. Nxc6 Rxc6 42. Rxd5 Rd6 43. Rf5 1/2-1/2

[Event "NRW Class2 1415"]
[Site "Germany"]
[Date "2015.03.22"]
[Round "8.5"]
[White "Werbeck, Torsten"]
[Black "Werrn, Pascal"]
[Result "0-1"]
[WhiteElo "2098"]
[BlackElo "2019"]
[PlyCount "120"]
[EventDate "2014.09.14"]
[EventType "team-tourn"]
[EventRounds "9"]
[EventCountry "GER"]
[SourceTitle "EXT 2017"]
[Source "ChessBase"]
[SourceDate "2016.10.25"]
[SourceVersion "1"]
[SourceVersionDate "2016.10.25"]
[SourceQuality "1"]
[WhiteTeam "Wuppertal Bahn"]
[BlackTeam "Castrop Rauxel"]
[WhiteTeamCountry "GER"]
[BlackTeamCountry "GER"]

1. d4 Nf6 2. Nf3 e6 3. c4 c5 4. d5 exd5 5. cxd5 d6 6. Nc3 g6 7. e4 Bg7 8. Bd3 0-0 9. 0-0 Bg4 10. h3 Bxf3 11. Qxf3 Nbd7 12. Qd1 a6 13. a4 Re8 14. Re1 Qc7 15. Qc2 Rac8 16. Bf1 c4 17. Be3 Nc5 18. Bxc5 Qxc5 19. a5 Nd7 20. Ra4 Ne5 21. Nd1 Qd4 22. Ra3 f5 23. Kh1 Nd3 24. Bxd3 cxd3 25. Qxd3 Qxd3 26. Rxd3 Rxe4 27. Ree3 Rc1 28. Kh2 Rxe3 29. Nxe3 Bxb2 30. Rb3 Be5+ 31. g3 Rc7 32. Kg2 Kf7 33. Kf3 Ke7 34. g4 f4 35. Nd1 Kf6 36. h4 h6 37. Ke2 Bd4 38. Kd3 Ke5 39. Rb4 Rc1 40. Kd2 Ra1 41. Rxb7 Ke4 42. Rb3 Rxa5 43. f3+ Kxd5 44. Kd3 Ra1 45. Nc3+ Bxc3 46. Rxc3 Re1 47. Kd2 Re3 48. Rc1 Rxf3 49. Ra1 Rg3 50. g5 hxg5 51. hxg5 Ke5 52. Ra5+ d5 53. Rxa6 Rxg5 54. Ke2 Rg3 55. Ra8 g5 56. Kf2 g4 57. Rg8 Ke4 58. Re8+ Kd3 59. Rf8 Rf3+ 60. Kg2 d4 0-1

[Event "NRW Class2 1415"]
[Site "Germany"]
[Date "2014.12.14"]
[Round "4.5"]
[White "Rott, Georg"]
[Black "Werrn, Pascal"]
[Result "1-0"]
[WhiteElo "2110"]
[BlackElo "2019"]
[PlyCount "77"]
[EventDate "2014.09.14"]
[EventType "team-tourn"]
[EventRounds "9"]
[EventCountry "GER"]
[SourceTitle "EXT 2017"]
[Source "ChessBase"]
[SourceDate "2016.10.25"]
[SourceVersion "1"]
[SourceVersionDate "2016.10.25"]
[SourceQuality "1"]
[WhiteTeam "Muenster"]
[BlackTeam "Castrop Rauxel"]
[WhiteTeamCountry "GER"]
[BlackTeamCountry "GER"]

1. e4 c5 2. Nf3 Nc6 3. Bb5 Nf6 4. Nc3 g6 5. e5 Ng4 6. Bxc6 dxc6 7. h3 Nh6 8. 0-0 Bg7 9. Re1 Nf5 10. Ne4 Qa5 11. Nf6+ exf6 12. exf6+ Be6 13. fxg7 Nxg7 14. d3 0-0 15. Bd2 Qc7 16. b3 f6 17. Bc3 Qf7 18. Qc1 Bd5 19. Nh2 Nf5 20. Ng4 Qg7 21. Qb2 Nd4 22. Bxd4 cxd4 23. Qxd4 f5 24. Qxg7+ Kxg7 25. Re7+ Rf7 26. Rxf7+ Bxf7 27. Ne5 Be6 28. f4 Kf6 29. h4 Rd8 30. Kf2 h5 31. Ke3 c5 32. g3 Rd6 33. a4 a5 34. Rd1 Bd5 35. Rd2 Bf7 36. d4 c4 37. bxc4 Be8 38. c5 Rd8 39. c4 1-0

[Event "Oberliga NRW 1314"]
[Site "Germany"]
[Date "2014.03.09"]
[Round "7.6"]
[White "Werrn, Pascal"]
[Black "Xu, Xianliang"]
[Result "0-1"]
[WhiteElo "2039"]
[BlackElo "2105"]
[PlyCount "52"]
[EventDate "2013.09.15"]
[EventType "team-tourn"]
[EventRounds "9"]
[EventCountry "GER"]
[SourceTitle "EXT 2015"]
[Source "ChessBase"]
[SourceDate "2014.11.20"]
[SourceVersion "1"]
[SourceVersionDate "2014.11.20"]
[SourceQuality "1"]
[WhiteTeam "Castrop Rauxel"]
[BlackTeam "Koeln Porz II"]
[WhiteTeamCountry "GER"]
[BlackTeamCountry "GER"]

1. d4 d5 2. Nf3 Nc6 3. Bf4 Bg4 4. e3 e6 5. Nbd2 Bd6 6. Bg3 Nf6 7. Be2 0-0 8. 0-0 Bxg3 9. hxg3 Ne4 10. c4 f5 11. cxd5 exd5 12. Rc1 Qd6 13. a3 Rae8 14. b4 a6 15. Qc2 Re6 16. Nb3 Rh6 17. Nc5 Qe7 18. Nxb7 Qe8 19. Nh4 g5 20. f3 Nxg3 21. Kf2 Nxf1 22. Rxf1 gxh4 23. fxg4 fxg4+ 24. Ke1 Rxf1+ 25. Kxf1 Rf6+ 26. Ke1 Qxe3 0-1

[Event "Oberliga NRW 1314"]
[Site "Germany"]
[Date "2014.01.12"]
[Round "5.7"]
[White "Werrn, Pascal"]
[Black "Beerdsen, Thomas"]
[Result "0-1"]
[WhiteElo "2039"]
[BlackElo "2164"]
[PlyCount "84"]
[EventDate "2013.09.15"]
[EventType "team-tourn"]
[EventRounds "9"]
[EventCountry "GER"]
[SourceTitle "EXT 2015"]
[Source "ChessBase"]
[SourceDate "2014.11.20"]
[SourceVersion "1"]
[SourceVersionDate "2014.11.20"]
[SourceQuality "1"]
[WhiteTeam "Castrop Rauxel"]
[BlackTeam "Muelheim II"]
[WhiteTeamCountry "GER"]
[BlackTeamCountry "GER"]

1. d4 d5 2. c4 c6 3. Nf3 Nf6 4. e3 Bf5 5. Nc3 e6 6. Nh4 Bg4 7. Qb3 Qc7 8. h3 Bh5 9. g4 Bg6 10. Nxg6 hxg6 11. Bg2 Nbd7 12. g5 Ng8 13. Bd2 Ne7 14. e4 dxe4 15. Bxe4 Nf5 16. Ne2 Rh4 17. Bxf5 gxf5 18. 0-0-0 0-0-0 19. Kb1 g6 20. Bc1 Bg7 21. f4 c5 22. Qa3 cxd4 23. Qxa7 Qc5 24. Qxc5+ Nxc5 25. Rh2 e5 26. b4 Ne6 27. Ng1 e4 28. a4 d3 29. a5 Rd4 30. Ra2 Rxc4 31. Bd2 Bc3 32. b5 Rb4+ 33. Kc1 Bxd2+ 34. Kxd2 Rxb5 35. a6 bxa6 36. Rxa6 Rb2+ 37. Kc3 Rc2+ 38. Kb4 Rxf4 39. Ra8+ Kb7 40. Re8 e3+ 41. Kb3 Nc5+ 42. Ka3 Ra4# 0-1

[Event "Dortmund Sparkassen op-A"]
[Site "Dortmund"]
[Date "2013.07.31"]
[Round "5"]
[White "Hassler, Rolf"]
[Black "Werrn, Pascal"]
[Result "1-0"]
[WhiteElo "1887"]
[BlackElo "1970"]
[PlyCount "79"]
[EventDate "2013.07.27"]
[EventType "swiss"]
[EventRounds "9"]
[EventCountry "GER"]
[SourceTitle "CBM 155 Extra"]
[Source "ChessBase"]
[SourceDate "2013.08.26"]
[SourceVersion "1"]
[SourceVersionDate "2013.08.26"]
[SourceQuality "1"]

1. e4 c5 2. Nc3 a6 3. g3 b5 4. Bg2 Bb7 5. Nh3 e6 6. 0-0 d6 7. d3 Nd7 8. f4 Be7 9. Ng5 h5 10. h4 Ngf6 11. Bh3 Qb6 12. Be3 d5 13. exd5 Nxd5 14. Nxd5 Bxd5 15. a4 b4 16. a5 Qc7 17. c4 bxc3 18. bxc3 c4 19. d4 Nf6 20. Qa4+ Qc6 21. Qxc6+ Bxc6 22. f5 exf5 23. Bxf5 g6 24. Bh3 0-0 25. Bg2 Bxg2 26. Kxg2 Nd5 27. Bd2 Bxg5 28. hxg5 Rab8 29. Rab1 Rfe8 30. Kf3 Rbc8 31. Rb7 Rc7 32. Rfb1 Rec8 33. Rxc7 Rxc7 34. Rb8+ Kh7 35. Bf4 Rd7 36. Be5 f6 37. Bxf6 Nxf6 38. gxf6 Rd5 39. Ke4 Rxa5 40. f7 1-0

[Event "Dortmund Sparkassen op-A"]
[Site "Dortmund"]
[Date "2013.07.30"]
[Round "4"]
[White "Werrn, Pascal"]
[Black "Steinle, Carsten"]
[Result "0-1"]
[WhiteElo "1970"]
[BlackElo "2229"]
[PlyCount "124"]
[EventDate "2013.07.27"]
[EventType "swiss"]
[EventRounds "9"]
[EventCountry "GER"]
[SourceTitle "CBM 155 Extra"]
[Source "ChessBase"]
[SourceDate "2013.08.26"]
[SourceVersion "1"]
[SourceVersionDate "2013.08.26"]
[SourceQuality "1"]

1. e4 e6 2. d4 b6 3. Nf3 Bb7 4. Bd3 c5 5. 0-0 cxd4 6. Nxd4 Nc6 7. Nb3 Rc8 8. Qe2 Nb4 9. Nc3 Nxd3 10. cxd3 Nf6 11. Bd2 Be7 12. Kh1 d6 13. f4 Qc7 14. Rae1 h5 15. Nd4 h4 16. Nd5 Nxd5 17. exd5 Bxd5 18. h3 Bf6 19. Nb5 Qd7 20. Nc3 Bb7 21. f5 e5 22. Ne4 Rc2 23. Rb1 Bxe4 24. dxe4 Bg5 25. Rfd1 0-0 26. Qd3 Rxd2 27. Rxd2 Bxd2 28. Qxd2 Qa4 29. Qd5 Qc2 30. Rd1 Rd8 31. f6 gxf6 32. Rd2 Qc1+ 33. Kh2 Qe1 34. Rd3 Rc8 35. Rc3 Rxc3 36. bxc3 Qg3+ 37. Kh1 Qe1+ 38. Kh2 Kg7 39. c4 Qb4 40. Qd3 Qe1 41. Qc2 Qg3+ 42. Kh1 Qf4 43. Qe2 Kg6 44. Qd3 Qf2 45. Qd1 Qg3 46. Qe2 Kg5 47. Qd2+ Qf4 48. Qe2 f5 49. exf5 Kxf5 50. Qd3+ e4 51. Qd5+ Kg6 52. Qd4 Qe5 53. Qf2 Qg3 54. Qe2 f5 55. Kg1 e3 56. Kf1 Qe5 57. Qc2 Kg5 58. Ke2 Qf4 59. Ke1 Qh2 60. Qd3 Qg1+ 61. Ke2 Qxg2+ 62. Kd1 Qd2+ 0-1

[Event "NRW Class1 1213"]
[Site "Germany"]
[Date "2013.02.17"]
[Round "6.8"]
[White "Dehen, Lothar"]
[Black "Werrn, Pascal"]
[Result "1-0"]
[WhiteElo "2029"]
[BlackElo "2027"]
[PlyCount "96"]
[EventDate "2012.09.16"]
[EventType "team-tourn"]
[EventRounds "9"]
[EventCountry "GER"]
[SourceTitle "EXT 2017"]
[Source "ChessBase"]
[SourceDate "2016.10.25"]
[SourceVersion "1"]
[SourceVersionDate "2016.10.25"]
[SourceQuality "1"]
[WhiteTeam "Dinslaken"]
[BlackTeam "Bochum II"]
[WhiteTeamCountry "GER"]
[BlackTeamCountry "GER"]

1. d4 Nf6 2. Nf3 e6 3. e3 c5 4. Bd3 b6 5. Nbd2 Bb7 6. 0-0 Nc6 7. c3 Rc8 8. Re1 Be7 9. a3 0-0 10. e4 cxd4 11. cxd4 d5 12. e5 Nd7 13. b4 a6 14. Nb3 Re8 15. Bf4 Nf8 16. Qe2 Nb8 17. Rac1 Qd7 18. Bg5 Bxg5 19. Nxg5 f6 20. exf6 gxf6 21. Nf3 Rxc1 22. Rxc1 Rc8 23. Qd2 Rxc1+ 24. Qxc1 Qd6 25. Qh6 Nbd7 26. Nh4 a5 27. Qd2 Kg7 28. g3 Ng6 29. Nxg6 hxg6 30. bxa5 Qxa3 31. Qc2 bxa5 32. Bxg6 Nf8 33. Be8 Qe7 34. Nxa5 Qxe8 35. Nxb7 Qb8 36. Nc5 Qb4 37. Qe2 e5 38. Qg4+ Kf7 39. Nd7 exd4 40. Nxf8 Kxf8 41. Qc8+ Ke7 42. Qc7+ Ke6 43. Qc6+ Ke5 44. Qe8+ Kf5 45. Qd7+ Ke4 46. Qe6+ Kd3 47. Qxd5 Kc2 48. Qe4+ d3 1-0

[Event "Ruhrgebiet Verbandsliga2 1213"]
[Site "Nordrheinwestfalen"]
[Date "2013.02.03"]
[Round "6.4"]
[White "Drzasga, Michael"]
[Black "Werrn, Pascal"]
[Result "0-1"]
[WhiteElo "1969"]
[BlackElo "2027"]
[PlyCount "72"]
[EventDate "2012.09.02"]
[EventType "team-tourn"]
[EventRounds "9"]
[EventCountry "GER"]
[SourceTitle "EXT 2020"]
[Source "ChessBase"]
[SourceDate "2019.10.17"]
[SourceVersion "1"]
[SourceVersionDate "2019.10.17"]
[SourceQuality "1"]
[WhiteTeam "Hoentrop SG"]
[BlackTeam "Bochum SG III"]
[WhiteTeamCountry "GER"]
[BlackTeamCountry "GER"]

1. d4 Nf6 2. c4 e6 3. a3 c5 4. Nf3 b6 5. Nc3 Bb7 6. d5 exd5 7. cxd5 d6 8. e4 Nbd7 9. Be2 g6 10. Bf4 Nh5 11. Be3 Bg7 12. 0-0 0-0 13. Ng5 h6 14. Bxh5 hxg5 15. Be2 Qe7 16. Qd2 Bf6 17. f4 gxf4 18. Bxf4 a6 19. Rae1 b5 20. Bf3 Rae8 21. Ne2 Ne5 22. b3 Rc8 23. Ng3 c4 24. Bd1 Nd3 25. Bh6 Nxe1 26. Qxe1 Bd4+ 27. Kh1 f5 28. Qd2 Bg7 29. Bxg7 Qxg7 30. exf5 c3 31. Qd3 Qe5 32. Bc2 Qxd5 33. Qxd5+ Bxd5 34. fxg6 Rxf1+ 35. Nxf1 Re8 36. Bd3 Bxb3 0-1

[Event "GER-chT U20"]
[Site "Osnabrueck"]
[Date "2011.12.30"]
[Round "7.5"]
[White "Raider, Eugen"]
[Black "Werrn, Pascal"]
[Result "0-1"]
[WhiteElo "1985"]
[BlackElo "2022"]
[PlyCount "66"]
[EventDate "2011.12.27"]
[EventType "team-swiss"]
[EventRounds "7"]
[EventCountry "GER"]
[SourceTitle "CBM 146 Extra"]
[Source "ChessBase"]
[SourceDate "2012.02.29"]
[SourceVersion "1"]
[SourceVersionDate "2012.02.29"]
[SourceQuality "1"]
[WhiteTeam "Hamburg Koenigsspringer"]
[BlackTeam "Bochum 31"]
[WhiteTeamCountry "GER"]
[BlackTeamCountry "GER"]

1. e4 c5 2. Nf3 e6 3. d4 cxd4 4. Nxd4 Nf6 5. Nc3 Nc6 6. Ndb5 d6 7. Bf4 e5 8. Bg5 a6 9. Na3 b5 10. Bxf6 gxf6 11. Nd5 Bg7 12. c3 f5 13. Bd3 Be6 14. Qh5 f4 15. Nc2 0-0 16. 0-0 Ne7 17. Nxe7+ Qxe7 18. a4 bxa4 19. Rxa4 a5 20. Rfa1 Qb7 21. b4 axb4 22. Rxa8 Rxa8 23. Rxa8+ Qxa8 24. cxb4 d5 25. exd5 Bxd5 26. Bxh7+ Kf8 27. Qd1 Qc6 28. f3 Bf6 29. Qd2 Kg7 30. Bd3 Bd8 31. Kf1 Bxf3 32. gxf3 Qxf3+ 33. Ke1 Bh4+ 0-1

[Event "GER-chT U20"]
[Site "Osnabrueck"]
[Date "2011.12.29"]
[Round "5.5"]
[White "Werrn, Pascal"]
[Black "Xu, Xianliang"]
[Result "1/2-1/2"]
[WhiteElo "2022"]
[BlackElo "2073"]
[PlyCount "67"]
[EventDate "2011.12.27"]
[EventType "team-swiss"]
[EventRounds "7"]
[EventCountry "GER"]
[SourceTitle "CBM 146 Extra"]
[Source "ChessBase"]
[SourceDate "2012.02.29"]
[SourceVersion "1"]
[SourceVersionDate "2012.02.29"]
[SourceQuality "1"]
[WhiteTeam "Bochum 31"]
[BlackTeam "Bebenhausen"]
[WhiteTeamCountry "GER"]
[BlackTeamCountry "GER"]

1. e4 c5 2. Nf3 Nc6 3. d4 cxd4 4. Nxd4 g6 5. c4 Nf6 6. Nc3 d6 7. f3 Nxd4 8. Qxd4 Bg7 9. Be3 0-0 10. Qd2 Be6 11. Be2 Qa5 12. 0-0 Rfc8 13. b3 a6 14. Rac1 b5 15. Nd5 Qxd2 16. Bxd2 Nxd5 17. cxd5 Bd4+ 18. Kh1 Bd7 19. Rxc8+ Rxc8 20. Rc1 Rxc1+ 21. Bxc1 f5 22. g4 Kf7 23. h4 fxg4 24. fxg4 Bf2 25. Bg5 h6 26. Bxh6 Bxh4 27. Bc1 Bf6 28. Kg2 Be5 29. Kf3 Kf6 30. g5+ Kf7 31. Bf4 Bd4 32. Be3 Be5 33. Bf4 Bd4 34. Be3 1/2-1/2

[Event "NRW Class1 1011"]
[Site "Germany"]
[Date "2010.12.19"]
[Round "4.8"]
[White "Werrn, Pascal"]
[Black "Hunold, Rolf"]
[Result "0-1"]
[WhiteElo "1926"]
[BlackElo "2131"]
[PlyCount "104"]
[EventDate "2010.09.26"]
[EventType "team-tourn"]
[EventRounds "9"]
[EventCountry "GER"]
[SourceTitle "EXT 2012"]
[Source "ChessBase"]
[SourceDate "2011.11.24"]
[SourceVersion "1"]
[SourceVersionDate "2011.11.24"]
[SourceQuality "1"]
[WhiteTeam "Bochum II"]
[BlackTeam "Letmathe"]
[WhiteTeamCountry "GER"]
[BlackTeamCountry "GER"]

1. e4 c5 2. Nf3 e6 3. d4 cxd4 4. Nxd4 a6 5. Bd3 Qc7 6. 0-0 Nf6 7. Nc3 Nc6 8. Nxc6 dxc6 9. f4 e5 10. f5 h5 11. Bg5 Be7 12. Kh1 Ng4 13. Qd2 Qd8 14. Bxe7 Qxe7 15. h3 Nf6 16. a4 Bd7 17. a5 Rd8 18. Rfd1 h4 19. Be2 Nh5 20. Bxh5 Rxh5 21. Qe3 Rh6 22. Qb6 Bc8 23. Rxd8+ Qxd8 24. Qxd8+ Kxd8 25. Rd1+ Kc7 26. Na4 g6 27. f6 g5 28. Rf1 Rg6 29. b4 g4 30. hxg4 Rxg4 31. Nc5 b6 32. axb6+ Kxb6 33. c4 a5 34. Na4+ Ka6 35. Ra1 axb4 36. c5 Kb5 37. Nb2 Rxe4 38. Ra8 Be6 39. Rb8+ Ka5 40. Ra8+ Kb5 41. Rb8+ Ka6 42. Nd3 Ka5 43. Re8 Bd5 44. Nxe5 h3 45. Ra8+ Kb5 46. Rb8+ Ka4 47. Nd3 hxg2+ 48. Kg1 Rd4 49. Ra8+ Kb3 50. Nc1+ Kc2 51. Ne2 Rd1+ 52. Kf2 Rf1+ 0-1

[Event "Ruhrgebiet Regionalliga 1011"]
[Site "Nordrheinwestfalen"]
[Date "2010.12.12"]
[Round "4.3"]
[White "Werrn, Pascal"]
[Black "Aulich, Marcell"]
[Result "1-0"]
[WhiteElo "1911"]
[BlackElo "2068"]
[PlyCount "29"]
[EventDate "2010.09.19"]
[EventType "team-tourn"]
[EventRounds "9"]
[EventCountry "GER"]
[SourceTitle "EXT 2020"]
[Source "ChessBase"]
[SourceDate "2019.10.17"]
[SourceVersion "1"]
[SourceVersionDate "2019.10.17"]
[SourceQuality "1"]
[WhiteTeam "Bochum SG III"]
[BlackTeam "Horst Emscher"]
[WhiteTeamCountry "GER"]
[BlackTeamCountry "GER"]

1. e4 c5 2. Nf3 e6 3. d4 cxd4 4. Nxd4 Nf6 5. Nc3 Bb4 6. Bd3 Nc6 7. Nxc6 dxc6 8. 0-0 e5 9. Kh1 0-0 10. f4 Ng4 11. Qe1 exf4 12. Bxf4 Bd6 13. e5 Re8 14. Qe4 Nf6 15. Qd4 1-0

[Event "Ruhrgebiet Regionalliga 1011"]
[Site "Nordrheinwestfalen"]
[Date "2010.09.19"]
[Round "1.3"]
[White "Poetter, Clemens"]
[Black "Werrn, Pascal"]
[Result "1/2-1/2"]
[WhiteElo "2047"]
[BlackElo "1911"]
[PlyCount "118"]
[EventDate "2010.09.19"]
[EventType "team-tourn"]
[EventRounds "9"]
[EventCountry "GER"]
[SourceTitle "EXT 2020"]
[Source "ChessBase"]
[SourceDate "2019.10.17"]
[SourceVersion "1"]
[SourceVersionDate "2019.10.17"]
[SourceQuality "1"]
[WhiteTeam "Weisse Dame Borbeck"]
[BlackTeam "Bochum SG III"]
[WhiteTeamCountry "GER"]
[BlackTeamCountry "GER"]

1. d4 Nf6 2. Nf3 e6 3. c4 c5 4. e3 Be7 5. Nc3 0-0 6. Be2 a6 7. 0-0 b6 8. Qb3 cxd4 9. exd4 d6 10. h3 Nbd7 11. Bf4 Qc7 12. Rac1 Bb7 13. Rfd1 Rac8 14. Na4 Nh5 15. Bh2 Nhf6 16. Bf4 Nh5 17. Bh2 Nhf6 18. Qa3 b5 19. cxb5 Qxc1 20. Rxc1 Rxc1+ 21. Bf1 axb5 22. Nc3 b4 23. Qxb4 Ba6 24. Nb5 Bxb5 25. Qxb5 Rb8 26. Qe2 Rb1 27. b3 Rc8 28. Bf4 Nd5 29. Bd2 Ra8 30. Qd3 Rb2 31. Qb5 N5f6 32. a4 Rb8 33. Qc6 R2xb3 34. a5 Rb1 35. g3 e5 36. dxe5 dxe5 37. Kg2 Bc5 38. Bc3 Rc1 39. Bd2 Rc2 40. Bd3 Rcb2 41. Be1 Re8 42. Ng5 h6 43. Ne4 Nxe4 44. Bxe4 Nf6 45. Qxc5 Nxe4 46. Qc6 Nf6 47. Qc3 Rbb8 48. g4 Nd5 49. Qc4 Nf4+ 50. Kh2 g5 51. Bd2 Ra8 52. h4 Kg7 53. Qe4 gxh4 54. Bxf4 exf4 55. Qd4+ Kg8 56. Qxf4 Rxa5 57. Qxh6 Re2 58. Qxh4 Raa2 59. Kg2 Rxf2+ 1/2-1/2

[Event "NRW Class2 0910"]
[Site "Germany"]
[Date "2009.10.25"]
[Round "2.8"]
[White "Werrn, Pascal"]
[Black "Hobusch, Alexander"]
[Result "0-1"]
[WhiteElo "1924"]
[BlackElo "2103"]
[PlyCount "84"]
[EventDate "2009.09.20"]
[EventType "team-tourn"]
[EventRounds "9"]
[EventCountry "GER"]
[SourceTitle "EXT 2011"]
[Source "ChessBase"]
[SourceDate "2010.11.26"]
[SourceVersion "1"]
[SourceVersionDate "2010.11.26"]
[SourceQuality "1"]
[WhiteTeam "Iserlohn Koenigsspringer"]
[BlackTeam "Solingen SG III"]
[WhiteTeamCountry "GER"]
[BlackTeamCountry "GER"]

1. d4 d5 2. Nf3 Nf6 3. Bf4 c5 4. e3 Nc6 5. c3 Nh5 6. Bg5 h6 7. Bh4 g5 8. Ne5 Nxe5 9. dxe5 Ng7 10. Bg3 Nf5 11. e4 Nxg3 12. hxg3 dxe4 13. Qa4+ Bd7 14. Qxe4 Bc6 15. Qe3 Qb6 16. b3 0-0-0 17. Nd2 e6 18. 0-0-0 Qa5 19. Kb2 b5 20. c4 a6 21. Be2 Bg7 22. cxb5 axb5 23. Bf3 Qc7 24. Bxc6 Qxc6 25. f4 gxf4 26. gxf4 f6 27. Nf3 fxe5 28. fxe5 Kb7 29. Rc1 Rd5 30. Rhd1 Rhd8 31. Rxd5 Rxd5 32. Qf4 Qc7 33. Kb1 Bxe5 34. Qxh6 Qd7 35. Nxe5 Rxe5 36. Qh3 Kb6 37. Qf3 Qd5 38. Qf8 Re2 39. Qb8+ Ka5 40. Qc7+ Kb4 41. Qf4+ Ka3 42. Rc2 Re1+ 0-1

[Event "Duesseldorf Nord Cup 9th GrB"]
[Site "Duesseldorf"]
[Date "2009.08.16"]
[Round "5.1"]
[White "Zeldin, Leonid"]
[Black "Werrn, Pascal"]
[Result "1-0"]
[WhiteElo "2117"]
[BlackElo "1924"]
[PlyCount "57"]
[EventDate "2009.08.14"]
[EventType "tourn"]
[EventRounds "5"]
[EventCountry "GER"]
[SourceTitle "EXT 2017"]
[Source "ChessBase"]
[SourceDate "2016.10.25"]
[SourceVersion "1"]
[SourceVersionDate "2016.10.25"]
[SourceQuality "1"]

1. e4 c5 2. Nf3 d6 3. d4 cxd4 4. Nxd4 Nf6 5. Nc3 g6 6. Be3 Bg7 7. f3 0-0 8. Qd2 Nc6 9. 0-0-0 d5 10. Qe1 e5 11. Nxc6 bxc6 12. exd5 cxd5 13. Bg5 Qa5 14. Bxf6 Bxf6 15. Nxd5 Qxe1 16. Nxf6+ Kg7 17. Nh5+ gxh5 18. Rxe1 f6 19. Bc4 Bb7 20. Rd1 Rad8 21. Rxd8 Rxd8 22. Rd1 Rxd1+ 23. Kxd1 h4 24. Ke2 Kf8 25. Bd3 Bd5 26. Bxh7 Bxa2 27. b3 a5 28. Kd2 a4 29. Kc3 1-0